| 000 -LEADER |
| fixed length control field |
02444cam a2200361 a 4500 |
| 001 - CONTROL NUMBER |
| control field |
13895742 |
| 003 - CONTROL NUMBER IDENTIFIER |
| control field |
Nust |
| 005 - DATE AND TIME OF LATEST TRANSACTION |
| control field |
20180117090020.0 |
| 008 - FIXED-LENGTH DATA ELEMENTS--GENERAL INFORMATION |
| fixed length control field |
050310s2005 enka 001 0ceng |
| 010 ## - LIBRARY OF CONGRESS CONTROL NUMBER |
| LC control number |
2005006707 |
| 020 ## - INTERNATIONAL STANDARD BOOK NUMBER |
| International Standard Book Number |
0745322972 (hardback) |
| 020 ## - INTERNATIONAL STANDARD BOOK NUMBER |
| International Standard Book Number |
0745322964 (pbk.) |
| 040 ## - CATALOGING SOURCE |
| Original cataloging agency |
DLC |
| Transcribing agency |
DLC |
| Modifying agency |
DLC |
| 043 ## - GEOGRAPHIC AREA CODE |
| Geographic area code |
n-us--- |
| 050 00 - LIBRARY OF CONGRESS CALL NUMBER |
| Classification number |
PN4871 |
| Item number |
.R38 2005 |
| 082 00 - DEWEY DECIMAL CLASSIFICATION NUMBER |
| Classification number |
070.92/273 |
| Edition number |
22 |
| 100 1# - MAIN ENTRY--PERSONAL NAME |
| Personal name |
Randall, David, |
| Dates associated with a name |
1951- |
| 245 14 - TITLE STATEMENT |
| Title |
The great reporters / |
| Statement of responsibility, etc. |
David Randall. |
| 260 ## - PUBLICATION, DISTRIBUTION, ETC. |
| Place of publication, distribution, etc. |
London ; |
| -- |
Ann Arbor, MI : |
| Name of publisher, distributor, etc. |
Pluto Press, |
| Date of publication, distribution, etc. |
c2005. |
| 300 ## - PHYSICAL DESCRIPTION |
| Extent |
vi, 280 p. : |
| Other physical details |
ill. ; |
| Dimensions |
23 cm. |
| 500 ## - GENERAL NOTE |
| General note |
Includes index. |
| 505 0# - FORMATTED CONTENTS NOTE |
| Formatted contents note |
The world of the reporter -- Meyer Berger, the reporters' reporter -- Nellie Bly, the best undercover reporter in history -- Edna Buchanan, the best crime reporter there's ever been -- James Cameron, the definitive foreign correspondent -- Richard Harding Davies, one of the best descriptive reporters ever -- Floyd Gibbons, the supreme example of a reporter in pursuit of an assignment -- Ann Leslie, the most versatile reporter ever -- AJ Liebling, the most quotable wit ever by-lined -- JA Macgahan, perpetrator of perhaps the greatest piece of reporting ever -- Hugh mcilvanney, the best writer ever to apply words to newsprint -- Ernie pyle, the reporter who never forgot who he was writing for -- William howard russell, the man who invented war corresponding -- George seldes, a reporter who got up the noses of the high and mighty. |
| 650 #0 - SUBJECT ADDED ENTRY--TOPICAL TERM |
| Topical term or geographic name entry element |
Journalists |
| Geographic subdivision |
United States |
| Form subdivision |
Biography. |
| 650 #0 - SUBJECT ADDED ENTRY--TOPICAL TERM |
| Topical term or geographic name entry element |
Reporters and reporting |
| Geographic subdivision |
United States |
| General subdivision |
History |
| Chronological subdivision |
19th century. |
| 650 #0 - SUBJECT ADDED ENTRY--TOPICAL TERM |
| Topical term or geographic name entry element |
Reporters and reporting |
| Geographic subdivision |
United States |
| General subdivision |
History |
| Chronological subdivision |
20th century. |
| 856 41 - ELECTRONIC LOCATION AND ACCESS |
| Materials specified |
Table of contents |
| Uniform Resource Identifier |
<a href="http://www.loc.gov/catdir/toc/ecip059/2005006707.html">http://www.loc.gov/catdir/toc/ecip059/2005006707.html</a> |
| 856 42 - ELECTRONIC LOCATION AND ACCESS |
| Materials specified |
Publisher description |
| Uniform Resource Identifier |
<a href="http://www.loc.gov/catdir/enhancements/fy0828/2005006707-d.html">http://www.loc.gov/catdir/enhancements/fy0828/2005006707-d.html</a> |
| 906 ## - LOCAL DATA ELEMENT F, LDF (RLIN) |
| a |
7 |
| b |
cbc |
| c |
orignew |
| d |
1 |
| e |
ecip |
| f |
20 |
| g |
y-gencatlg |
| 942 ## - ADDED ENTRY ELEMENTS (KOHA) |
| Source of classification or shelving scheme |
|
| Koha item type |
Book |